000 00566nam a2200205Ia 4500
003 OSt
005 20250618170156.0
008 210210b2011 xxu||||| |||| 00| 0 eng d
020 _a9788173023484
040 _cAL
041 _aKannada
082 _aK494.2 ACHP
100 _aACHARYA (Pa Vem)
_dಆಚಾರ್ಯ
_9215433
245 _aPadartha chintamani
_bಪದಾರ್ಥ ಚಿಂತಾಮಣಿ
260 _aBengaluru
_bNavakaranataka Prakashana
_c2011
300 _a351
690 _aKannada Language
_9215434
906 _a069413
942 _2ddc
_cBK
999 _c119092
_d119092